कपट (Record no. 453887)

MARC details
000 -LEADER
fixed length control field 00385nam a2200145Ia 4500
008 - FIXED-LENGTH DATA ELEMENTS--GENERAL INFORMATION
fixed length control field 100204s9999 xx 000 0 und d
082 ## - DEWEY DECIMAL CLASSIFICATION NUMBER
Item number 9451
100 ## - MAIN ENTRY--PERSONAL NAME
Personal name शिरोडकर रजनी
245 ## - TITLE STATEMENT
Title कपट
260 ## - PUBLICATION, DISTRIBUTION, ETC. (IMPRINT)
Name of publisher, distributor, etc "प्रिया प्रकाशन, मुंबई"
Date of publication, distribution, etc 1987
300 ## - PHYSICAL DESCRIPTION
Extent 184
630 ## - SUBJECT ADDED ENTRY--UNIFORM TITLE
Uniform title कपट
730 ## - ADDED ENTRY--UNIFORM TITLE
Uniform title कपट
942 ## - ADDED ENTRY ELEMENTS (KOHA)
Koha item type Book
Holdings
Withdrawn status Lost status Damaged status Not for loan Home library Current library Date acquired Cost, normal purchase price Total Checkouts Full call number Barcode Date last seen Cost, replacement price Price effective from Koha item type
        N. C. Kelkar Sarvajanik Library, Mulund N. C. Kelkar Sarvajanik Library, Mulund 02/04/2010 50.00   9451 NCKMULUND-9451 02/04/2010 50.00 02/04/2010 Book